Tuyển chọn vi khuẩn acid lactic có khả năng sinh chất kháng khuẩn và nghiên cứu điều kiện tăng sinh khối trên môi trường nước chua tàu hũ và hèm rượu : Báo cáo tổng kết đề tài khoa học và công nghệ cấp Trường

Nội dung đề tài phân lập và tuyển chọn những dòng vi khuẩn acid lactic có khả năng sinh chất kháng khuẩn từ các sản phẩm lên men truyền thống và các loại bột men tiêu hóa. Nghiên cứu các điều kiện để phát triển sinh khối những dòng vi khu...

Celý popis

Uloženo v:
Podrobná bibliografie
Hlavní autor: Huỳnh, Xuân Phong
Médium: Kniha
Jazyk:Undetermined
Vydáno: Cần Thơ Trường Đại học Cần Thơ 2011
Témata:
Tagy: Přidat tag
Žádné tagy, Buďte první, kdo otaguje tento záznam!
Thư viện lưu trữ: Trung tâm Học liệu Trường Đại học Cần Thơ
LEADER 01461nam a2200205Ia 4500
001 CTU_203801
008 210402s9999 xx 000 0 und d
082 |a 663.13 
082 |b L431 
100 |a Huỳnh, Xuân Phong 
245 0 |a Tuyển chọn vi khuẩn acid lactic có khả năng sinh chất kháng khuẩn và nghiên cứu điều kiện tăng sinh khối trên môi trường nước chua tàu hũ và hèm rượu : 
245 0 |b Báo cáo tổng kết đề tài khoa học và công nghệ cấp Trường 
245 0 |c Huỳnh Xuân Phong (Chủ nhiệm đề tài) ; Ngô Thị Phương Dung, Nguyễn Ngọc Thạnh (tham gia thực hiện) 
260 |a Cần Thơ 
260 |b Trường Đại học Cần Thơ 
260 |c 2011 
520 |a Nội dung đề tài phân lập và tuyển chọn những dòng vi khuẩn acid lactic có khả năng sinh chất kháng khuẩn từ các sản phẩm lên men truyền thống và các loại bột men tiêu hóa. Nghiên cứu các điều kiện để phát triển sinh khối những dòng vi khuẩn này trong môi trường nước chua tàu hũ và hèm rượu 
650 |a Beverage industry,Fermentation,Kỹ nghệ nước uống 
904 |i Nguyên 
980 |a Trung tâm Học liệu Trường Đại học Cần Thơ